000 00488nam a2200181Ia 4500
008 240925s9999 xx 000 0 und d
020 _a137119615
082 _a519.2 SOL
100 _aSolomon, Frederick
245 0 _aProbability and Stochastic Processes
250 _aNA
260 _aNew Jersey:
_bPrintice- Hall Int.
_c,1987.
300 _axxxvii,888p.
_bNA
_fOriginal
500 _aIncludes Index
600 _aHumanities & Natural Science
650 _aMathematics
942 _cBK
999 _c4709
_d4709